[Event "Ruhrgebiet Verbandsklasse Gruppe 1 1819"]
[Site "Nordrheinwestfalen"]
[Date "2019.03.10"]
[Round "7.4"]
[White "Riese, Manfred"]
[Black "Lampe, Thomas"]
[Result "1/2-1/2"]
[WhiteElo "1827"]
[BlackElo "1967"]
[PlyCount "36"]
[EventDate "2018.09.23"]
[EventType "team-tourn"]
[EventRounds "9"]
[EventCountry "GER"]
[SourceTitle "EXT 2022"]
[Source "ChessBase"]
[SourceDate "2021.10.06"]
[SourceVersion "1"]
[SourceVersionDate "2021.10.06"]
[SourceQuality "1"]
[WhiteTeam "Muelheim SC"]
[BlackTeam "Werl SC 1981"]
[WhiteTeamCountry "GER"]
[BlackTeamCountry "GER"]

1. c4 Nf6 2. g3 c5 3. Bg2 Nc6 4. Nc3 d6 5. d3 g6 6. Bg5 Bg7 7. Qd2 h6 8. Bxf6 Bxf6 9. e3 0-0 10. Nge2 Kh7 11. 0-0 Rb8 12. Rab1 Bd7 13. Rfd1 e5 14. Nd5 Bg7 15. b4 Nxb4 16. Nxb4 cxb4 17. Qxb4 Bc6 18. e4 f5 1/2-1/2

[Event "Gelsenkirchen Silvester op 3rd"]
[Site "Gelsenkirchen"]
[Date "2015.12.28"]
[Round "4"]
[White "Riese, Manfred"]
[Black "Remy, Jochen"]
[Result "1/2-1/2"]
[WhiteElo "1860"]
[BlackElo "1952"]
[PlyCount "28"]
[EventDate "2015.12.27"]
[EventType "swiss"]
[EventRounds "5"]
[EventCountry "GER"]
[SourceTitle "EXT 2019"]
[Source "ChessBase"]
[SourceDate "2018.10.10"]
[SourceVersion "1"]
[SourceVersionDate "2018.10.10"]
[SourceQuality "1"]

1. c4 c5 2. g3 Nc6 3. Bg2 g6 4. Nc3 Bg7 5. d3 e5 6. e4 d6 7. Be3 Nge7 8. Qd2 Nd4 9. Nge2 Bh3 10. 0-0 h5 11. f4 Qd7 12. fxe5 Bxg2 13. Kxg2 dxe5 14. h3 f6 1/2-1/2